[Event "GER-chT U12"]
[Site "Magdeburg"]
[Date "2019.12.28"]
[Round "3.3"]
[White "Richter, Nicholas"]
[Black "Vecera, Fabio"]
[Result "1/2-1/2"]
[WhiteElo "1448"]
[BlackElo "1529"]
[PlyCount "110"]
[EventDate "2019.12.27"]
[EventType "team-swiss"]
[EventRounds "7"]
[EventCountry "GER"]
[SourceTitle "CBM 194 Extra"]
[Source "ChessBase"]
[SourceDate "2020.03.31"]
[SourceVersion "1"]
[SourceVersionDate "2020.03.31"]
[SourceQuality "1"]
[WhiteTeam "Dresden TU"]
[BlackTeam "Leipzig Gruen Weiss"]
[WhiteTeamCountry "GER"]
[BlackTeamCountry "GER"]

1. d4 d5 2. c4 e6 3. Nc3 Nf6 4. cxd5 exd5 5. Bg5 Be7 6. e3 0-0 7. Bd3 Nbd7 8. Qc2 c6 9. h3 h6 10. Bf4 Re8 11. Nf3 Nh5 12. Bh2 Nb6 13. Be2 Bb4 14. a3 Be7 15. Ne5 Nf6 16. 0-0 Bd6 17. Rac1 Be6 18. Kh1 Rc8 19. Rfd1 Nbd7 20. Nxf7 Bxf7 21. Bxd6 Ne4 22. Nxe4 Rxe4 23. Bd3 Re6 24. Bg3 Bh5 25. Rf1 g6 26. Bh2 g5 27. Qb3 Rf6 28. Bg3 Nb6 29. Qc2 Qf8 30. Bh7+ Kh8 31. Be5 Be2 32. Bxf6+ Qxf6 33. Qxe2 Kxh7 34. Qf3 Qg6 35. Qe2 Qf6 36. Rcd1 Nc4 37. a4 Rf8 38. b3 Nd6 39. Qd3+ Kg7 40. f3 Re8 41. e4 Qf4 42. Rde1 a6 43. Kg1 Qh4 44. e5 h5 45. Re3 Qf4 46. Rfe1 Nf5 47. Qc3 Nxe3 48. Qxe3 Re6 49. Qxf4 gxf4 50. Kf2 h4 51. Rb1 b6 52. b4 Kf7 53. b5 a5 54. bxc6 Rxc6 55. Rb5 Ke6 1/2-1/2

[Event "GER-chT U10"]
[Site "Magdeburg"]
[Date "2017.12.28"]
[Round "4.1"]
[White "Kluehs, Gustaf"]
[Black "Richter, Nicholas"]
[Result "1/2-1/2"]
[WhiteElo "1682"]
[BlackElo "1317"]
[PlyCount "62"]
[EventDate "2017.12.27"]
[EventType "team-swiss"]
[EventRounds "7"]
[EventCountry "GER"]
[SourceTitle "EXT 2019"]
[Source "ChessBase"]
[SourceDate "2018.10.10"]
[SourceVersion "1"]
[SourceVersionDate "2018.10.10"]
[SourceQuality "1"]
[WhiteTeam "Friedrichsfelde Borussia"]
[BlackTeam "Dresden TU"]
[WhiteTeamCountry "GER"]
[BlackTeamCountry "GER"]

1. Nf3 d5 2. g3 Nc6 3. d4 Bf5 4. c3 e6 5. Bg2 Nf6 6. 0-0 Bd6 7. Re1 0-0 8. Nh4 Bg6 9. Nxg6 hxg6 10. Bg5 Re8 11. f4 Na5 12. Nd2 c5 13. e3 cxd4 14. exd4 b5 15. b4 Nb7 16. Nb3 Rc8 17. Nc5 Nxc5 18. bxc5 Bc7 19. Bxf6 gxf6 20. Qd3 Qd7 21. Bf1 a6 22. Bh3 Qc6 23. a4 bxa4 24. Ra3 Rb8 25. Rea1 e5 26. fxe5 fxe5 27. Rxa4 a5 28. Bf1 e4 29. Qe3 Kg7 30. c4 Rb2 31. R4a2 Rb4 1/2-1/2

[Event "GER-ch U10"]
[Site "Willingen"]
[Date "2017.06.05"]
[Round "4"]
[White "Richter, Nicholas"]
[Black "Reichmann, Felix"]
[Result "1/2-1/2"]
[WhiteElo "1369"]
[BlackElo "1550"]
[PlyCount "43"]
[EventDate "2017.06.04"]
[EventType "swiss"]
[EventRounds "11"]
[EventCountry "GER"]
[SourceTitle "CBM 178 Extra"]
[Source "ChessBase"]
[SourceDate "2017.06.22"]
[SourceVersion "1"]
[SourceVersionDate "2017.06.22"]
[SourceQuality "1"]

1. d4 c5 2. e3 Nf6 3. Nf3 b6 4. Bd3 Bb7 5. c4 g6 6. 0-0 Bg7 7. Nc3 0-0 8. d5 d6 9. e4 Nbd7 10. Re1 Ng4 11. Bc2 Nge5 12. Nxe5 Nxe5 13. Qe2 Ba6 14. Bb3 Bc8 15. f4 Bg4 16. Qc2 Nd7 17. h3 Nf6 18. hxg4 Nxg4 19. Qe2 Bd4+ 20. Kh1 Nf2+ 21. Kh2 e5 22. g3 1/2-1/2